000 00533nam a22001697a 4500
005 20251108172450.0
008 250721s9999 xx 000 0 ara d
082 1 4 _aم/260.3/عبد
100 1 _aعبد المنعم، محمود عبد الرحمن
245 1 0 _aمعجم المصطلحات والألفاظ الفقهية /
264 1 _aالقاهرة :
_bدار الفضيلة،
300 _a
650 1 7 _aالفقه الإسلامي
650 1 7 _aمعاجم المصطلحات
942 _2ddc
_cREF
999 _c80047
_d80047